000 00446nam a22001697a 4500
005 20180725151734.0
008 160514b xxu||||| |||| 00| 0 eng d
020 _a978-0-07-063552-4
041 _aeng
082 _b2301
_a658.3
100 _aNewstrom, John W.
_94625
245 _aORGANIZATION BEHAVIOR:human behavior at work
260 _aNew Delhi
_bTata McGraw Hill Ltd.
_c2007
300 _a478p,
650 _aManagement
_9241
942 _cBK
999 _c838
_d838